Rose in bloom / (Record no. 387072)
[ view plain ]
| 000 -LEADER | |
|---|---|
| fixed length control field | 01420nam a2200337 i 4500 |
| 001 - CONTROL NUMBER | |
| control field | zcodcb b8009531 |
| 005 - DATE AND TIME OF LATEST TRANSACTION | |
| control field | 20230818135013.0 |
| 008 - FIXED-LENGTH DATA ELEMENTS--GENERAL INFORMATION | |
| fixed length control field | 230803s2023 nyu c 000 1 eng d |
| 010 ## - LIBRARY OF CONGRESS CONTROL NUMBER | |
| LC control number | bl2023023455 |
| 020 ## - INTERNATIONAL STANDARD BOOK NUMBER | |
| International Standard Book Number | 9781665926294 |
| 020 ## - INTERNATIONAL STANDARD BOOK NUMBER | |
| International Standard Book Number | 1665926295 |
| 037 ## - SOURCE OF ACQUISITION | |
| Source of stock number/acquisition | Simon & Schuster, 100 Front st, Riverside, NJ, USA, 08075-7500 |
| Note | SAN 200-2442 |
| 040 ## - CATALOGING SOURCE | |
| Original cataloging agency | GCmBT |
| Language of cataloging | eng |
| Transcribing agency | GCmBT |
| Description conventions | rda |
| 092 ## - LOCALLY ASSIGNED DEWEY CALL NUMBER (OCLC) | |
| Classification number | junior fiction |
| Item number | Alcott |
| 100 1# - MAIN ENTRY--PERSONAL NAME | |
| Personal name | Alcott, Louisa May, |
| Dates associated with a name | 1832-1888, |
| Relator term | author. |
| 245 10 - TITLE STATEMENT | |
| Title | Rose in bloom / |
| Statement of responsibility, etc | Louisa May Alcott. |
| 250 ## - EDITION STATEMENT | |
| Edition statement | First Aladdin hardcover edition, First Aladdin paperback edition. |
| 260 ## - PUBLICATION, DISTRIBUTION, ETC. (IMPRINT) | |
| Date of publication, distribution, etc | 2023/07/04. |
| 264 #1 - Production, Publication, Distribution, Manufacture, and Copyright Notice. | |
| Place of production, publication, distribution, manufacture | New York : |
| Name of producer, publisher, distributor, manufacturer | Aladdin, |
| Date of production, publication, distribution, manufacture, or copyr | 2023. |
| 300 ## - PHYSICAL DESCRIPTION | |
| Extent | 343 pages ; |
| Dimensions | 22 cm. |
| 336 ## - Content Type | |
| Content type term | text |
| 337 ## - Media type | |
| Media type term | unmediated |
| 338 ## - Carrier type | |
| Carrier type term | volume |
| 490 1# - SERIES STATEMENT | |
| Series statement | The Louisa May Alcott hidden gems collection. |
| 520 ## - SUMMARY, ETC. | |
| Summary, etc | Navigating fashionable society, wealthy heiress Rose and her closest friend Phebe find their new paths derailed when their loved ones are put in harm's way by illness and reckless decisions, forcing them both to rise to the occasion and show everyone whatthey're made of. |
| 650 #1 - SUBJECT ADDED ENTRY--TOPICAL TERM | |
| Topical term or geographic name as entry element | Adolescence |
| Form subdivision | Fiction. |
| 9 (RLIN) | 5730386 |
| 650 #1 - SUBJECT ADDED ENTRY--TOPICAL TERM | |
| Topical term or geographic name as entry element | Cousins |
| Form subdivision | Fiction. |
| 655 #7 - INDEX TERM--GENRE/FORM | |
| Genre/form data or focus term | Novels. |
| Source of term | lcgft. |
| 800 1# - SERIES ADDED ENTRY--PERSONAL NAME | |
| Personal name | Alcott, Louisa May, |
| Dates associated with a name | 1832-1888. |
| Title of a work | Louisa May Alcott hidden gems collection. |
| 9 (RLIN) | 6472296 |
| 942 ## - ADDED ENTRY ELEMENTS (KOHA) | |
| Source of classification or shelving scheme | Dewey Decimal Classification |
| Koha item type | BOOK |
| Withdrawn status | Lost status | Source of classification or shelving scheme | Damaged status | Not for loan | Collection code | Home library | Current library | Shelving location | Date acquired | Source of acquisition | Total Checkouts | Total Renewals | Full call number | Barcode | Date last seen | Date checked out | Cost, replacement price | Price effective from | Koha item type |
|---|---|---|---|---|---|---|---|---|---|---|---|---|---|---|---|---|---|---|---|
| Dewey Decimal Classification | Junior Fiction | Wasatch County Library | Wasatch County Library | Main Floor Junior Area | 08/18/2023 | Micromarketing | 3 | 5 | J Alcott | 34301002036665 | 05/10/2025 | 03/14/2025 | 17.99 | 08/18/2023 | BOOK |
